000 00719nam a2200193Ia 4500
003 GCL
005 20240530095233.0
008 140319s9999 xx 000 0 ara d
040 _aGCL /
_cGCL
082 0 4 _a382.92/
_bف أ
100 0 _aفخرى لبيب
245 1 0 _aاعمال ندوة منظمة التجارة العالمية :
_bومصالح شعوب الجنوب: القاهرة / اكتوبر 2001 /
_cفخرى لبيب
260 _aالقاهرة :
_bمركز البحوث العربية ،
_c2001
300 _a356 ص ؛
_c24 سم
650 0 4 _aالتعاون الدولى
650 0 4 _aالاتفاقيات التجارية
650 0 4 _aمنظمة التجارة العالمية
942 _2ddc
_cBK
999 _c5273
_d5273